Flagi dawnych państw - Statystyki

Ogólne statystyki
  • Ten quiz został rozwiązany 43 razy
  • Średni wynik to 9 z 16
Statystyki odpowiedzi
Obrazkowy Odpowiedź % Poprawnych
Jugosławia
88%
ZSRR
88%
Austro-Węgry
85%
Czechosłowacja
82%
Imperium Osmańskie
79%
Imperium Rzymskie
76%
Cesarstwo Niemieckie
61%
Imperium Hiszpańskie
58%
Rzeczpospolita Obojga Narodów
58%
Ruś Kijowska
48%
III Rzesza
42%
Imperium Macedońskie
39%
Indie Brytyjskie
39%
Imperium Szwedzkie
30%
Wietnam Południowy
30%
Unia Kalmarska
24%
Nie znaleziono quizów pasujących do podanych kryteriów
Rozkład punktacji
Procent ludzi z każdym wynikiem
Percentyl według liczby udzielonych odpowiedzi
Twoja historia wyników
Nie rozwiązałeś tego quizu